<?xml version="1.0" encoding="UTF-8"?>
<record
    xmlns:xsi="http://www.w3.org/2001/XMLSchema-instance"
    xsi:schemaLocation="http://www.loc.gov/MARC21/slim http://www.loc.gov/standards/marcxml/schema/MARC21slim.xsd"
    xmlns="http://www.loc.gov/MARC21/slim">

  <leader>02068nam2a2200301 i 4500</leader>
  <controlfield tag="001">RU\NLR\BIBL_A\010713832</controlfield>
  <controlfield tag="005">20260406133741.0</controlfield>
  <datafield tag="010" ind1=" " ind2=" ">
    <subfield code="a">9785890169822</subfield>
    <subfield code="9">500</subfield>
  </datafield>
  <datafield tag="021" ind1=" " ind2=" ">
    <subfield code="a">RU</subfield>
    <subfield code="b">2015-10816</subfield>
    <subfield code="9">660</subfield>
  </datafield>
  <datafield tag="035" ind1=" " ind2=" ">
    <subfield code="a">(NLR Aleph) 010713832</subfield>
  </datafield>
  <datafield tag="090" ind1=" " ind2=" ">
    <subfield code="a">9786961</subfield>
    <subfield code="c">9786961</subfield>
  </datafield>
  <datafield tag="100" ind1=" " ind2=" ">
    <subfield code="a">20150403d2014    k  y0rusy50      ca</subfield>
  </datafield>
  <datafield tag="101" ind1="0" ind2=" ">
    <subfield code="a">rus</subfield>
    <subfield code="d">eng</subfield>
    <subfield code="e">eng</subfield>
  </datafield>
  <datafield tag="102" ind1=" " ind2=" ">
    <subfield code="a">RU</subfield>
  </datafield>
  <datafield tag="105" ind1=" " ind2=" ">
    <subfield code="a">ach z   000zd</subfield>
  </datafield>
  <datafield tag="200" ind1="1" ind2=" ">
    <subfield code="a">&#x413;&#x43E;&#x441;&#x443;&#x434;&#x430;&#x440;&#x441;&#x442;&#x432;&#x435;&#x43D;&#x43D;&#x430;&#x44F; &#x434;&#x435;&#x44F;&#x442;&#x435;&#x43B;&#x44C;&#x43D;&#x43E;&#x441;&#x442;&#x44C; &#x432; &#x446;&#x430;&#x440;&#x441;&#x442;&#x432;&#x43E;&#x432;&#x430;&#x43D;&#x438;&#x435; &#x415;&#x43A;&#x430;&#x442;&#x435;&#x440;&#x438;&#x43D;&#x44B; II</subfield>
    <subfield code="d">The state activity in the reign of Catherine II</subfield>
    <subfield code="z">eng</subfield>
  </datafield>
  <datafield tag="210" ind1=" " ind2=" ">
    <subfield code="d">2014</subfield>
  </datafield>
  <datafield tag="215" ind1=" " ind2=" ">
    <subfield code="a">159 &#x441;.</subfield>
    <subfield code="c">&#x438;&#x43B;., &#x446;&#x432;. &#x438;&#x43B;., &#x43F;&#x43E;&#x440;&#x442;&#x440;., &#x444;&#x430;&#x43A;&#x441;.</subfield>
  </datafield>
  <datafield tag="300" ind1=" " ind2=" ">
    <subfield code="a">&#x420;&#x435;&#x437;. &#x43D;&#x430; &#x430;&#x43D;&#x433;&#x43B;. &#x44F;&#x437;.</subfield>
  </datafield>
  <datafield tag="320" ind1=" " ind2=" ">
    <subfield code="a">&#x411;&#x438;&#x431;&#x43B;&#x438;&#x43E;&#x433;&#x440;.: &#x441;. 121-123, &#x432; &#x43F;&#x43E;&#x434;&#x441;&#x442;&#x440;&#x43E;&#x447;. &#x43F;&#x440;&#x438;&#x43C;&#x435;&#x447;. &#x438; &#x432; &#x442;&#x435;&#x43A;&#x441;&#x442;&#x435;</subfield>
  </datafield>
  <datafield tag="461" ind1=" " ind2="0">
    <subfield code="1">001RU\NLR\BIBL_A\010735122</subfield>
    <subfield code="1">2000#$a&#x413;. &#x420;. &#x414;&#x435;&#x440;&#x436;&#x430;&#x432;&#x438;&#x43D;: &#x43D;&#x430; &#x441;&#x43B;&#x443;&#x436;&#x431;&#x435; &#x443; &#x442;&#x440;&#x435;&#x445; &#x438;&#x43C;&#x43F;&#x435;&#x440;&#x430;&#x442;&#x43E;&#x440;&#x43E;&#x432;$dG. R. Derzhavin: on service of three emperors$e&#x43C;&#x43E;&#x43D;&#x43E;&#x433;&#x440;&#x430;&#x444;&#x438;&#x44F;$e&#x432; 3 &#x447;.$f&#x41D;. &#x421;. &#x426;&#x438;&#x43D;&#x446;&#x430;&#x434;&#x437;&#x435;$g&#x41C;-&#x432;&#x43E; &#x43E;&#x431;&#x440;&#x430;&#x437;&#x43E;&#x432;&#x430;&#x43D;&#x438;&#x44F; &#x438; &#x43D;&#x430;&#x443;&#x43A;&#x438; &#x420;&#x43E;&#x441;. &#x424;&#x435;&#x434;&#x435;&#x440;&#x430;&#x446;&#x438;&#x438;, &#x424;&#x435;&#x434;&#x435;&#x440;. &#x433;&#x43E;&#x441;. &#x431;&#x44E;&#x434;&#x436;&#x435;&#x442;. &#x43E;&#x431;&#x440;&#x430;&#x437;&#x43E;&#x432;&#x430;&#x442;. &#x443;&#x447;&#x440;&#x435;&#x436;&#x434;&#x435;&#x43D;&#x438;&#x435; &#x432;&#x44B;&#x441;&#x448;. &#x43F;&#x440;&#x43E;&#x444;. &#x43E;&#x431;&#x440;&#x430;&#x437;&#x43E;&#x432;&#x430;&#x43D;&#x438;&#x44F; "&#x422;&#x430;&#x43C;&#x431;. &#x433;&#x43E;&#x441;. &#x443;&#x43D;-&#x442; &#x438;&#x43C;. &#x413;. &#x420;. &#x414;&#x435;&#x440;&#x436;&#x430;&#x432;&#x438;&#x43D;&#x430;"$zeng$v&#x427;. 1</subfield>
    <subfield code="1">700#1$a&#x426;&#x438;&#x43D;&#x446;&#x430;&#x434;&#x437;&#x435;$b&#x41D;. &#x421;.$g&#x41D;&#x438;&#x43D;&#x430; &#x421;&#x435;&#x440;&#x433;&#x435;&#x435;&#x432;&#x43D;&#x430;$f1984-$3RU\NLR\AUTH\77118746</subfield>
    <subfield code="9">9879317</subfield>
    <subfield code="a">&#x426;&#x438;&#x43D;&#x446;&#x430;&#x434;&#x437;&#x435;, &#x41D;. &#x421;. (1984-)</subfield>
    <subfield code="c">&#x422;&#x430;&#x43C;&#x431;&#x43E;&#x432;</subfield>
    <subfield code="d">2014</subfield>
    <subfield code="f">&#x41D;. &#x421;. &#x426;&#x438;&#x43D;&#x446;&#x430;&#x434;&#x437;&#x435;</subfield>
    <subfield code="l">G. R. Derzhavin: on service of three emperors</subfield>
    <subfield code="n">&#x418;&#x437;&#x434;-&#x432;&#x43E; &#x422;&#x413;&#x423;</subfield>
    <subfield code="o">&#x43C;&#x43E;&#x43D;&#x43E;&#x433;&#x440;&#x430;&#x444;&#x438;&#x44F; : &#x432; 3 &#x447;.</subfield>
    <subfield code="t">&#x413;. &#x420;. &#x414;&#x435;&#x440;&#x436;&#x430;&#x432;&#x438;&#x43D;: &#x43D;&#x430; &#x441;&#x43B;&#x443;&#x436;&#x431;&#x435; &#x443; &#x442;&#x440;&#x435;&#x445; &#x438;&#x43C;&#x43F;&#x435;&#x440;&#x430;&#x442;&#x43E;&#x440;&#x43E;&#x432;</subfield>
    <subfield code="v">&#x427;. 1</subfield>
  </datafield>
  <datafield tag="510" ind1="1" ind2=" ">
    <subfield code="6">z20790 7</subfield>
    <subfield code="a">The state activity in the reign of Catherine II</subfield>
    <subfield code="z">eng</subfield>
  </datafield>
  <datafield tag="702" ind1=" " ind2="0">
    <subfield code="4">570</subfield>
    <subfield code="8">rus</subfield>
    <subfield code="7">ca</subfield>
    <subfield code="a">&#x415;&#x43A;&#x430;&#x442;&#x435;&#x440;&#x438;&#x43D;&#x430;</subfield>
    <subfield code="c">&#x438;&#x43C;&#x43F;&#x435;&#x440;&#x430;&#x442;&#x440;&#x438;&#x446;&#x430; &#x440;&#x43E;&#x441;&#x441;&#x438;&#x439;&#x441;&#x43A;&#x430;&#x44F;</subfield>
    <subfield code="d">II</subfield>
    <subfield code="f">1729-1796</subfield>
    <subfield code="3">RU\NLR\AUTH\772098</subfield>
    <subfield code="9">112115</subfield>
  </datafield>
  <datafield tag="790" ind1=" " ind2="1">
    <subfield code="8">rus</subfield>
    <subfield code="7">ba</subfield>
    <subfield code="a">Cincadze</subfield>
    <subfield code="b">N. S.</subfield>
    <subfield code="f">1984-</subfield>
    <subfield code="g">Nina Sergeevna</subfield>
    <subfield code="3">RU\NLR\AUTH\77118747</subfield>
    <subfield code="9">101672</subfield>
  </datafield>
  <datafield tag="942" ind1=" " ind2=" ">
    <subfield code="c">BOOK</subfield>
  </datafield>
  <datafield tag="980" ind1=" " ind2=" ">
    <subfield code="a">NBR</subfield>
  </datafield>
</record>
